| 000 | 00800nam a2200217Ia 4500 | ||
|---|---|---|---|
| 001 | 13571 | ||
| 003 | GE_BSU | ||
| 008 | 181216s||||||||xx |||||||||||||| ||und|| | ||
| 040 | _cGE_BSU | ||
| 080 | _a696.057(035.5) | ||
| 100 | _aАлександрович,Б.А. Блюменкрац,Б.А. Вигдорчик,Д.Я. и др. | ||
| 245 | _aМонтаж внутренных санитарно-технических устроиств. | ||
| 245 | _cПод ред. И.Г. Староверова. | ||
| 250 | _a3-е изд. перераб. и доп. | ||
| 260 | _aм. | ||
| 260 | _bСтройиздат. | ||
| 260 | _c1984. | ||
| 300 | _a783 стр. 22см. с илл. | ||
| 653 | _aМонтаж внутренных санитарно-технических устроиств. | ||
| 942 | _cBK | ||
| 999 |
_c46727 _d46727 |
||